| 000 | 00462nam a22001697a 4500 | ||
|---|---|---|---|
| 003 | 0 | ||
| 005 | 20231128120409.0 | ||
| 008 | 231104b xxu||||| |||| 00| 0 eng d | ||
| 020 | _a9780394800011 | ||
| 050 |
_aTR _bCa28 2003 |
||
| 100 | _aDr. Seuss | ||
| 245 |
_aThe cat in the hat _cDr. Seuss |
||
| 260 |
_aBoston _bHoughton Mifflin _cc2003. |
||
| 300 |
_a61 pages : _bcolored illustrations ; _c24 cm. |
||
| 650 | _aChildren's literature. | ||
| 942 |
_2lcc _cBK |
||
| 999 |
_c365550 _d365550 |
||